| 000 | 00609cam a2200217 a 4500 | ||
|---|---|---|---|
| 001 | 14977619 | ||
| 005 | 20250122131632.0 | ||
| 008 | 070823s2006 stk d 000 0 eng | ||
| 020 | _a9780550101853 (standard) | ||
| 020 | _a0550101853 (standard) | ||
| 020 | _a9780550103116 (thumb index) | ||
| 020 | _a0550103112 (thumb index) | ||
| 050 | 0 | 0 |
_aPE1628 _b.C41745 2006 |
| 082 | 0 | 0 |
_a423 _222 |
| 245 | 0 | 4 | _aThe Chambers dictionary. |
| 250 | _a10th ed. | ||
| 260 |
_aEdinburgh : _bChambers, _cc2006. |
||
| 300 |
_axxxi, 1839 p. ; _c28 cm. |
||
| 650 | 0 |
_aEnglish language _vDictionaries. |
|
| 942 |
_2lcc _cBK _n0 |
||
| 999 |
_c2793 _d2793 |
||